<?xml version="1.0" encoding="UTF-8"?>
<collection xmlns="http://www.loc.gov/MARC21/slim">
 <record>
  <leader>00756pamaa2200193   4500</leader>
  <controlfield tag="001">0000044123</controlfield>
  <controlfield tag="005">20130626090000.0</controlfield>
  <controlfield tag="008">080904                             eng  </controlfield>
  <datafield tag="020" ind1="0" ind2="0">
   <subfield code="a">9789833782222 </subfield>
  </datafield>
  <datafield tag="090" ind1="0" ind2="0">
   <subfield code="a">DS523.4.C45 </subfield>
   <subfield code="b">CQ 2007</subfield>
  </datafield>
  <datafield tag="100" ind1="1" ind2="1">
   <subfield code="a">CQ </subfield>
   <subfield code="q">Fu Ce Qin </subfield>
  </datafield>
  <datafield tag="245" ind1="1" ind2="1">
   <subfield code="a">A different Chinese : </subfield>
   <subfield code="b">see the Chinese, hear the Chinese! or, Chinese may not know all, others must know!  </subfield>
   <subfield code="c">CQ (Fu Ce Qin).</subfield>
  </datafield>
  <datafield tag="260" ind1="0" ind2="0">
   <subfield code="a">Petaling Jaya: </subfield>
   <subfield code="b">Strategic Information and Research Development Centre (SIRD), </subfield>
   <subfield code="c">2007.</subfield>
  </datafield>
  <datafield tag="300" ind1=" " ind2=" ">
   <subfield code="a">xiii, 225p.; </subfield>
   <subfield code="c">21cm.</subfield>
  </datafield>
  <datafield tag="501" ind1="0" ind2="0">
   <subfield code="a">Library</subfield>
  </datafield>
  <datafield tag="650" ind1="0" ind2="0">
   <subfield code="a">Chinese -- </subfield>
   <subfield code="z">Asia, Southeastern </subfield>
  </datafield>
  <datafield tag="650" ind1="0" ind2="0">
   <subfield code="a">National characteristics, Chinese </subfield>
  </datafield>
  <datafield tag="650" ind1="0" ind2="0">
   <subfield code="a">National characteristics, Chinese -- </subfield>
   <subfield code="z">Asia, Southeastern </subfield>
  </datafield>
  <datafield tag="901" ind1=" " ind2=" ">
   <subfield code="u">http://www.gerakbudaya.com</subfield>
  </datafield>
 </record>
</collection>
